| 000 | 01586nam a2200373 i 4500 | ||
|---|---|---|---|
| 001 | sjds2343185 | ||
| 003 | sjds | ||
| 005 | 20210824122537.0 | ||
| 008 | 210303s2019 sp a c 001 0 spa d | ||
| 020 | _a9788415215592 : HRD | ||
| 020 | _a8415215592 | ||
| 035 | _a(PWmBRO)BRDBD21062109 | ||
| 040 |
_aPABRO _beng _erda _cPABRO |
||
| 041 | _aspa | ||
| 099 |
_a567.9 _f2021 |
||
| 100 | 1 |
_aGomez Alonso, Debora, _eauthor. |
|
| 245 | 1 | 0 |
_aDinosaurios : _by otros animales prehistoricos / _ctexto y documentacion, Debora Gomez Alonso. |
| 250 | _a1a edicioǹ¤. | ||
| 260 |
_aBarcelona : _bEdiciones Abraxas, _c2019. |
||
| 264 | 1 |
_aBarcelona : _bEdiciones Abraxas, _c2019. |
|
| 300 |
_a199 pages : _bcolor illustrations ; _c28 cm |
||
| 336 |
_atext _btxt _2rdacontent |
||
| 337 |
_aunmediated _bn _2rdamedia |
||
| 338 |
_avolume _bnc _2rdacarrier |
||
| 500 | _aIncludes index. | ||
| 520 | _aDinosaurs and other Prehistoric Animals is a picture book that describes the evolution of popular dinosaurs, and how they interacted with their fellow prehistoric animals. Follow along with maps that show you where their fossils have been unearthed. Each page talks about a dinosaur's behavior, characteristics, and most fascinating details. | ||
| 650 | 0 |
_aDinosaurs _vJuvenile literature. |
|
| 650 | 0 |
_aAnimals, Fossil _vJuvenile literature. |
|
| 650 | 0 |
_aExtinct animals _vJuvenile literature. |
|
| 650 | 7 |
_aDinosaurios _vLiteratura juvenil. _2bidex |
|
| 650 | 7 |
_aAnimales fosiles _vLiteratura juvenil. _2bidex |
|
| 650 | 7 |
_aAnimales extintos _vLiteratura juvenil. _2bidex |
|
| 942 |
_2ddc _cBK |
||
| 999 |
_c26079 _d26079 |
||